[Event "Madrid ch Veteranos 2122"]
[Site "Madrid ESP"]
[Date "2022.03.28"]
[Round "1.1"]
[White "Candela Perez, Jose"]
[Black "Yeves Miquel, Enrique"]
[Result "1-0"]
[WhiteElo "2341"]
[BlackElo "1832"]
[PlyCount "69"]
[EventDate "2022.03.28"]
[EventType "swiss"]
[EventRounds "9"]
[EventCountry "ESP"]
[SourceTitle "Ajedrez en Madrid"]
[Source "lmi"]
[SourceDate "2022.03.28"]
[SourceVersion "1"]
[SourceVersionDate "2022.04.18"]
[SourceQuality "1"]

1. d4 Nf6 2. c4 g6 3. Nc3 d5 4. cxd5 Nxd5 5. e4 Nxc3 6. bxc3 Bg7 7. Qa4+ Qd7 8.
Qa3 O-O 9. Nf3 Qd6 10. Be2 b6 11. O-O Bb7 12. e5 Qxa3 13. Bxa3 Re8 14. e6 f6
15. c4 Na6 16. Rad1 Bf8 17. d5 c5 18. Rb1 Rab8 19. Bc1 g5 20. h4 h6 21. Nh2 Nb4
22. Rb2 Red8 23. a3 Nxd5 24. cxd5 Bxd5 25. Bg4 Rd6 26. Re1 Bg7 27. Bf5 Rbd8 28.
Rd2 h5 29. Rd3 Bc4 30. Rxd6 Rxd6 31. Nf1 Bh6 32. Ng3 gxh4 33. Ne4 Rd5 34. Nxf6+
exf6 35. e7 1-0

[Event "Madrid ch Veteranos 2122"]
[Site "Madrid ESP"]
[Date "2022.03.28"]
[Round "1.3"]
[White "Longa Yauca, Javier"]
[Black "Sanchez Peral, Pedro"]
[Result "1-0"]
[WhiteElo "2223"]
[BlackElo "1797"]
[PlyCount "69"]
[EventDate "2022.03.28"]
[EventType "swiss"]
[EventRounds "9"]
[EventCountry "ESP"]
[SourceTitle "Ajedrez en Madrid"]
[Source "lmi"]
[SourceDate "2022.03.28"]
[SourceVersion "1"]
[SourceVersionDate "2022.04.18"]
[SourceQuality "1"]

1. d4 Nf6 2. c4 g6 3. Nc3 d5 4. cxd5 Nxd5 5. e4 Nxc3 6. bxc3 Bg7 7. Bc4 O-O 8.
Ne2 c5 9. O-O Nc6 10. Be3 cxd4 11. cxd4 Na5 12. Bd3 b6 13. Rc1 Bb7 14. Qd2 Qd7
15. Bh6 Rac8 16. Bxg7 Kxg7 17. Qf4 e6 18. h4 Rxc1 19. Rxc1 Rc8 20. Rxc8 Qxc8
21. h5 Qd8 22. g4 Nc6 23. h6+ Kg8 24. Bb5 Ne7 25. Qe5 Qf8 26. g5 Nc8 27. Nf4
Nd6 28. Bd3 a6 29. a4 Bc6 30. Bc2 b5 31. axb5 Bxb5 32. d5 Nc4 33. Qf6 exd5 34.
Nxd5 Nd6 35. Ne7+ 1-0

[Event "Madrid ch Veteranos 2122"]
[Site "Madrid ESP"]
[Date "2022.03.28"]
[Round "1.4"]
[White "Martin Sanchez, Pablo"]
[Black "Pastor Alonso De Prado, Alberto"]
[Result "0-1"]
[WhiteElo "1766"]
[BlackElo "2106"]
[PlyCount "80"]
[EventDate "2022.03.28"]
[EventType "swiss"]
[EventRounds "9"]
[EventCountry "ESP"]
[SourceTitle "Ajedrez en Madrid"]
[Source "lmi"]
[SourceDate "2022.03.28"]
[SourceVersion "1"]
[SourceVersionDate "2022.04.18"]
[SourceQuality "1"]

1. e4 c6 2. d4 d5 3. e5 Bf5 4. Bd3 Bxd3 5. Qxd3 e6 6. f4 Qa5+ 7. c3 Qa6 8. Qf3
c5 9. Ne2 Nc6 10. dxc5 Bxc5 11. b4 Bf8 12. a4 Nge7 13. Be3 Nf5 14. Bf2 h5 15.
O-O Nce7 16. Nd2 Rc8 17. b5 Qa5 18. Nb3 Qc7 19. a5 Qc4 20. Nd2 Qxb5 21. Rfb1
Qa6 22. Rb2 Nc6 23. Rab1 Nxa5 24. Nd4 Nxd4 25. cxd4 g6 26. Ra2 b6 27. Rba1 Bb4
28. Qg3 Rc3 29. Nf3 Qc4 30. Qh4 Be7 31. Ng5 Nc6 32. Rd2 Rc1+ 33. Rd1 Rxa1 34.
Rxa1 Nxd4 35. Rxa7 Nf5 36. Ra8+ Kd7 37. Ra7+ Kc6 38. Rc7+ Kxc7 39. Bxb6+ Kxb6
40. Qe1 Rc8 0-1

[Event "Madrid ch Veteranos 2122"]
[Site "Madrid ESP"]
[Date "2022.03.28"]
[Round "1.5"]
[White "Barez Menendez, Hector"]
[Black "Mendez Martinez, Miguel Angel"]
[Result "1-0"]
[WhiteElo "2062"]
[BlackElo "1763"]
[PlyCount "89"]
[EventDate "2022.03.28"]
[EventType "swiss"]
[EventRounds "9"]
[EventCountry "ESP"]
[SourceTitle "Ajedrez en Madrid"]
[Source "lmi"]
[SourceDate "2022.03.28"]
[SourceVersion "1"]
[SourceVersionDate "2022.04.18"]
[SourceQuality "1"]

1. Nf3 Nf6 2. c4 e6 3. d4 b6 4. e3 Bb7 5. Bd3 Nc6 6. O-O Nb4 7. Be2 Bd6 8. a3
Na6 9. b4 Ne4 10. c5 Be7 11. Qc2 f5 12. c6 dxc6 13. Bxa6 Bxa6 14. Qxc6+ Kf8 15.
b5 Bd6 16. bxa6 g5 17. Bb2 Rg8 18. Nc3 g4 19. Ne5 Nd2 20. Rfd1 Nb3 21. Rab1 Na5
22. Qd7 Qxd7 23. Nxd7+ Ke7 24. Ne5 c6 25. Ne2 h5 26. Bc3 Bxe5 27. Bxa5 Bc7 28.
Bb4+ Kf7 29. Rbc1 Rac8 30. Rc2 Ke8 31. Nf4 Bxf4 32. exf4 Kd7 33. f3 Rh8 34. a4
Rhe8 35. Kf2 Rf8 36. Rh1 Rh8 37. h3 Rcg8 38. a5 Rb8 39. Bc3 b5 40. d5 exd5 41.
Bxh8 Rxh8 42. hxg4 fxg4 43. Rhc1 Rc8 44. Rc5 Kd6 45. Rxb5 1-0

[Event "Madrid ch Veteranos 2122"]
[Site "Madrid ESP"]
[Date "2022.03.28"]
[Round "1.6"]
[White "Jimenez Gonzalez, Marcos"]
[Black "Martin Rodriguez, Emilio"]
[Result "0-1"]
[WhiteElo "1761"]
[BlackElo "2032"]
[PlyCount "84"]
[EventDate "2022.03.28"]
[EventType "swiss"]
[EventRounds "9"]
[EventCountry "ESP"]
[SourceTitle "Ajedrez en Madrid"]
[Source "lmi"]
[SourceDate "2022.03.28"]
[SourceVersion "1"]
[SourceVersionDate "2022.04.18"]
[SourceQuality "1"]

1. e4 c6 2. Nc3 d5 3. Nf3 Bg4 4. h3 Bxf3 5. Qxf3 Nf6 6. e5 Nfd7 7. d4 e6 8. Be2
c5 9. Qg3 a6 10. dxc5 Nc6 11. Bf4 Nxc5 12. O-O h6 13. Rfd1 g5 14. Be3 Qc7 15.
f4 Be7 16. Bh5 O-O-O 17. Ne2 gxf4 18. Bxf4 Bg5 19. b4 Ne4 20. Qb3 Bxf4 21. Nxf4
Rdf8 22. Bf3 Qxe5 23. Nd3 Qd4+ 24. Kh2 Rhg8 25. Nc5 Qe5+ 26. Kg1 Nd2 27. Rxd2
Qxa1+ 28. Kh2 Qe5+ 29. Kg1 Qe1+ 30. Kh2 Qxd2 31. b5 Qf4+ 32. Kh1 Nd4 33. Qc3
Nxb5 34. Qc4 Qc7 35. Qb4 Nd6 36. c4 Nxc4 37. Nd3 Rg3 38. Ne5 Rfg8 39. Ng4 Rxf3
40. gxf3 Qg3 41. Qc5+ Kb8 42. Qe7 Qxh3+ 0-1

[Event "Madrid ch Veteranos 2122"]
[Site "Madrid ESP"]
[Date "2022.03.28"]
[Round "1.7"]
[White "Herrero Reques, Sergio"]
[Black "Lopez Heras, Arturo"]
[Result "1-0"]
[WhiteElo "2029"]
[BlackElo "1757"]
[PlyCount "61"]
[EventDate "2022.03.28"]
[EventType "swiss"]
[EventRounds "9"]
[EventCountry "ESP"]
[SourceTitle "Ajedrez en Madrid"]
[Source "lmi"]
[SourceDate "2022.03.28"]
[SourceVersion "1"]
[SourceVersionDate "2022.04.18"]
[SourceQuality "1"]

1. c4 Nf6 2. d4 e6 3. Nf3 d5 4. g3 Be7 5. Bg2 O-O 6. O-O c6 7. Qc2 Nbd7 8. Nbd2
Re8 9. e4 dxe4 10. Nxe4 Nxe4 11. Qxe4 Nf6 12. Qe2 Bd7 13. Rd1 Qa5 14. Bf4 Rad8
15. a3 Nh5 16. Bd2 Qf5 17. Rac1 Qg6 18. Ne5 Qf5 19. Be4 Qh3 20. Bg2 Qf5 21.
Nxd7 Rxd7 22. g4 Nf4 23. Qf3 Qf6 24. Bxf4 Rxd4 25. Rxd4 Qxd4 26. b4 Rd8 27. Qe3
Bf6 28. Qxd4 Rxd4 29. Be3 Rxg4 30. Bxa7 h5 31. a4 1-0

[Event "Madrid ch Veteranos 2122"]
[Site "Madrid ESP"]
[Date "2022.03.28"]
[Round "1.8"]
[White "Hernandez Gutierrez, Jose"]
[Black "Lorenzo Bailador, Alfredo"]
[Result "1/2-1/2"]
[WhiteElo "1732"]
[BlackElo "1985"]
[PlyCount "31"]
[EventDate "2022.03.28"]
[EventType "swiss"]
[EventRounds "9"]
[EventCountry "ESP"]
[SourceTitle "Ajedrez en Madrid"]
[Source "lmi"]
[SourceDate "2022.03.28"]
[SourceVersion "1"]
[SourceVersionDate "2022.04.18"]
[SourceQuality "1"]

1. d4 d5 2. c4 e6 3. Nf3 Nf6 4. g3 Be7 5. Bg2 O-O 6. O-O dxc4 7. Ne5 c5 8. dxc5
Qc7 9. Nxc4 Qxc5 10. b3 Nc6 11. Bb2 Rd8 12. Nbd2 Qh5 13. e3 Bd7 14. Qxh5 Nxh5
15. Rfd1 Nf6 16. Ne5 1/2-1/2

[Event "Madrid ch Veteranos 2122"]
[Site "Madrid ESP"]
[Date "2022.03.28"]
[Round "1.9"]
[White "Luque Ibanes, Manuel"]
[Black "Lobato Palomo, Manuel"]
[Result "1-0"]
[WhiteElo "1966"]
[BlackElo "1716"]
[PlyCount "63"]
[EventDate "2022.03.28"]
[EventType "swiss"]
[EventRounds "9"]
[EventCountry "ESP"]
[SourceTitle "Ajedrez en Madrid"]
[Source "lmi"]
[SourceDate "2022.03.28"]
[SourceVersion "1"]
[SourceVersionDate "2022.04.18"]
[SourceQuality "1"]

1. Nf3 d5 2. d4 Nf6 3. Bf4 e6 4. e3 c5 5. c3 Nc6 6. Nbd2 Bd6 7. Bg3 O-O 8. Bd3
b6 9. Ne5 Bb7 10. f4 Ne7 11. Qf3 Ng6 12. h4 Nd7 13. O-O-O Bxe5 14. fxe5 f5 15.
h5 Nh8 16. Bh4 Qe8 17. g4 Nf7 18. Qg3 fxg4 19. Rdg1 Nh6 20. Bg5 Nf5 21. Qxg4
Rf7 22. Rh3 Kh8 23. Rf3 h6 24. Bf4 Qe7 25. Nf1 Raf8 26. Qg6 Rg8 27. Bxh6 Nf8
28. Bg5 Nxg6 29. hxg6 Rgf8 30. Rh1+ Kg8 31. Rfh3 Rf6 32. Rh8# 1-0

[Event "Madrid ch Veteranos 2122"]
[Site "Madrid ESP"]
[Date "2022.03.28"]
[Round "1.10"]
[White "Cano Mercado, Francisco Manuel"]
[Black "Moreno Torrero, Javier"]
[Result "1/2-1/2"]
[WhiteElo "1715"]
[BlackElo "1952"]
[PlyCount "158"]
[EventDate "2022.03.28"]
[EventType "swiss"]
[EventRounds "9"]
[EventCountry "ESP"]
[SourceTitle "Ajedrez en Madrid"]
[Source "lmi"]
[SourceDate "2022.03.28"]
[SourceVersion "1"]
[SourceVersionDate "2022.04.18"]
[SourceQuality "1"]

1. d4 f5 2. Nc3 Nf6 3. Bg5 g6 4. Bxf6 exf6 5. e3 d5 6. Nf3 Bg7 7. Be2 O-O 8.
Qd2 c6 9. O-O Nd7 10. Ne1 Re8 11. Nd3 Bf8 12. Bf3 Bd6 13. Nf4 Nf8 14. Nd3 Ne6
15. g3 Ng5 16. Bg2 Kg7 17. Nf4 b5 18. h4 b4 19. Ncxd5 cxd5 20. hxg5 fxg5 21.
Nxd5 Rb8 22. c4 bxc3 23. bxc3 Ba6 24. Rfe1 Bc4 25. Nb4 Qc7 26. d5 Be5 27. Nc6
Rb5 28. Nxe5 Qxe5 29. d6 Bd5 30. Qd4 Bxg2 31. Qxe5+ Rbxe5 32. Kxg2 Rd8 33. Red1
Kf6 34. Rab1 Rd7 35. Rb4 Rc5 36. Rd3 Ke6 37. Rbd4 Rc6 38. c4 Rcxd6 39. c5 Rxd4
40. exd4 Kd5 41. Kf3 Re7 42. Rd2 Re4 43. Kg2 h5 44. f3 Re7 45. Kf2 h4 46. f4
hxg3+ 47. Kxg3 Re3+ 48. Kf2 gxf4 49. Rd1 g5 50. Re1 Ra3 51. Re5+ Kxd4 52. Rxf5
Rxa2+ 53. Kf3 Ra3+ 54. Kf2 Rc3 55. Rxg5 Rxc5 56. Rg7 a5 57. Kf3 Rf5 58. Ra7 Kc4
59. Ke4 Rb5 60. Kxf4 Kb3 61. Ke3 a4 62. Kd2 a3 63. Kc1 Ka2 64. Ra6 Rc5+ 65. Kd2
Kb2 66. Rb6+ Ka1 67. Rb3 a2 68. Rb7 Rh5 69. Kc2 Rh1 70. Rg7 Rb1 71. Ra7 Rb2+
72. Kc1 Rb6 73. Kc2 Rc6+ 74. Kd1 Rc5 75. Ra8 Kb2 76. Rb8+ Ka3 77. Ra8+ Kb3 78.
Kd2 Rc4 79. Kd3 Ra4 1/2-1/2

[Event "Madrid ch Veteranos 2122"]
[Site "Madrid ESP"]
[Date "2022.03.28"]
[Round "1.11"]
[White "Villares Galiano, Luis"]
[Black "Marin Lopez, Juan Jose"]
[Result "1/2-1/2"]
[WhiteElo "1936"]
[BlackElo "1707"]
[PlyCount "37"]
[EventDate "2022.03.28"]
[EventType "swiss"]
[EventRounds "9"]
[EventCountry "ESP"]
[SourceTitle "Ajedrez en Madrid"]
[Source "lmi"]
[SourceDate "2022.03.28"]
[SourceVersion "1"]
[SourceVersionDate "2022.04.18"]
[SourceQuality "1"]

1. e4 e5 2. Nf3 Nc6 3. Bc4 Nf6 4. Ng5 d5 5. exd5 b5 6. Bf1 Nd4 7. c3 Nxd5 8.
cxd4 Qxg5 9. Bxb5+ Kd8 10. O-O Bb7 11. Qf3 Rb8 12. dxe5 Ne3 13. Qh3 Qxg2+ 14.
Qxg2 Nxg2 15. d4 Be7 16. Be2 Nh4 17. f4 Nf5 18. Rd1 g5 19. Kf2 1/2-1/2

[Event "Madrid ch Veteranos 2122"]
[Site "Madrid ESP"]
[Date "2022.03.28"]
[Round "1.12"]
[White "Perez Pascual, Arturo"]
[Black "Lopez de Turiso, Jose Angel"]
[Result "0-1"]
[WhiteElo "1704"]
[BlackElo "1935"]
[PlyCount "90"]
[EventDate "2022.03.28"]
[EventType "swiss"]
[EventRounds "9"]
[EventCountry "ESP"]
[SourceTitle "Ajedrez en Madrid"]
[Source "lmi"]
[SourceDate "2022.03.28"]
[SourceVersion "1"]
[SourceVersionDate "2022.04.18"]
[SourceQuality "1"]

1. e4 c5 2. Nf3 d6 3. d4 cxd4 4. Nxd4 Nf6 5. Nc3 g6 6. Be3 Bg7 7. f3 O-O 8. Qd2
Nc6 9. g4 e5 10. Nxc6 bxc6 11. O-O-O d5 12. exd5 cxd5 13. Nxd5 Nxd5 14. Qxd5
Qxd5 15. Rxd5 Bb7 16. Rd2 Bxf3 17. Bg2 Bxg2 18. Rxg2 Rfb8 19. c4 a5 20. Rd1 a4
21. g5 Rb4 22. Rc2 Rc8 23. Kb1 Rbxc4 24. Rxc4 Rxc4 25. Rd8+ Bf8 26. Re8 f6 27.
gxf6 Kf7 28. Rxe5 Kxf6 29. Rd5 Ke6 30. Rd2 Bd6 31. Bg5 Be5 32. b3 axb3 33. axb3
Rc3 34. Ka2 Rh3 35. Ka3 Rxh2 36. Rd3 Rg2 37. Bh6 Rh2 38. Bd2 h5 39. b4 Rg2 40.
b5 Rg3 41. Re3 Rxe3+ 42. Bxe3 h4 43. b6 h3 44. b7 h2 45. Bd4 Bb8 0-1

[Event "Madrid ch Veteranos 2122"]
[Site "Madrid ESP"]
[Date "2022.03.28"]
[Round "1.13"]
[White "Martin Martin, Luis Vicente"]
[Black "Alberdi Garcia, Carlos Alfonso"]
[Result "1-0"]
[WhiteElo "1927"]
[BlackElo "1681"]
[PlyCount "97"]
[EventDate "2022.03.28"]
[EventType "swiss"]
[EventRounds "9"]
[EventCountry "ESP"]
[SourceTitle "Ajedrez en Madrid"]
[Source "lmi"]
[SourceDate "2022.03.28"]
[SourceVersion "1"]
[SourceVersionDate "2022.04.18"]
[SourceQuality "1"]

1. d4 Nf6 2. Bf4 d5 3. e3 c5 4. c3 Nc6 5. Nd2 Qb6 6. Qb3 c4 7. Qc2 g6 8. e4
Nxe4 9. Nxe4 dxe4 10. Bxc4 Bf5 11. Be3 Qc7 12. Bd5 Bg7 13. Bxe4 Bxe4 14. Qxe4
O-O 15. Nf3 e6 16. O-O Rfe8 17. Qh4 Qe7 18. Qxe7 Rxe7 19. Rfe1 Rae8 20. Bf4 e5
21. dxe5 Nxe5 22. Nxe5 Bxe5 23. Bxe5 Rxe5 24. Rxe5 Rxe5 25. Kf1 Kf8 26. Rd1 Re7
27. Rd8+ Kg7 28. Rd6 h5 29. c4 b6 30. b3 Kh6 31. Rd3 Kg7 32. Re3 Rd7 33. Ke2
Kf8 34. h4 Rd6 35. g3 Rd7 36. Rd3 Re7+ 37. Kd2 Kg7 38. Re3 Rd7+ 39. Kc3 Kf8 40.
b4 Rd1 41. Re2 Rc1+ 42. Rc2 Rd1 43. c5 bxc5 44. bxc5 Rd8 45. Kc4 Ke7 46. Re2+
Kf8 47. Kb5 Rc8 48. c6 Rb8+ 49. Kc5 1-0

[Event "Madrid ch Veteranos 2122"]
[Site "Madrid ESP"]
[Date "2022.03.28"]
[Round "1.15"]
[White "Marin Lopez, Jeronimo"]
[Black "De Luna Butz, Alberto"]
[Result "1-0"]
[WhiteElo "1901"]
[BlackElo "1638"]
[PlyCount "99"]
[EventDate "2022.03.28"]
[EventType "swiss"]
[EventRounds "9"]
[EventCountry "ESP"]
[SourceTitle "Ajedrez en Madrid"]
[Source "lmi"]
[SourceDate "2022.03.28"]
[SourceVersion "1"]
[SourceVersionDate "2022.04.18"]
[SourceQuality "1"]

1. e4 d5 2. exd5 Qxd5 3. d4 e5 4. Nc3 Qxd4 5. Qxd4 exd4 6. Nb5 Na6 7. Nxd4 Bc5
8. Be3 Nf6 9. Ngf3 Bg4 10. Bb5+ Bd7 11. Bc4 O-O 12. O-O Rad8 13. c3 h6 14. Bf4
Bc8 15. Bxa6 Nd5 16. Bg3 bxa6 17. Nc6 Rde8 18. Rfe1 Bb7 19. Nce5 Nf6 20. Nc4
Bxf3 21. gxf3 Bb6 22. a4 a5 23. Rad1 Rxe1+ 24. Rxe1 Re8 25. Kf1 Kf8 26. Be5 Re6
27. Rd1 Ke7 28. f4 Ne8 29. f5 Rc6 30. Ne3 Nf6 31. Ke2 Bxe3 32. fxe3 Rc5 33.
Bxf6+ Kxf6 34. e4 Ke7 35. Kd3 g6 36. fxg6 fxg6 37. Kd4 Rh5 38. Rd2 Ke6 39. Rg2
c5+ 40. Kc4 g5 41. Kxc5 Ke5 42. Re2 Rh4 43. c4 Rh3 44. Kc6 h5 45. Kb7 Kd4 46.
e5 Rf3 47. e6 Rf8 48. e7 Re8 49. Kc7 g4 50. Kd7 1-0

[Event "Madrid ch Veteranos 2122"]
[Site "Madrid ESP"]
[Date "2022.03.28"]
[Round "1.16"]
[White "Hurtado Garrido, Reyes"]
[Black "Marcos Herrero, Francisco"]
[Result "0-1"]
[WhiteElo "1622"]
[BlackElo "1897"]
[PlyCount "108"]
[EventDate "2022.03.28"]
[EventType "swiss"]
[EventRounds "9"]
[EventCountry "ESP"]
[SourceTitle "Ajedrez en Madrid"]
[Source "lmi"]
[SourceDate "2022.03.28"]
[SourceVersion "1"]
[SourceVersionDate "2022.04.18"]
[SourceQuality "1"]

1. d4 Nf6 2. Bf4 c5 3. e3 d5 4. Nf3 e6 5. c3 Nc6 6. Bd3 Qb6 7. Qb3 c4 8. Qxb6
axb6 9. Bc2 b5 10. Nbd2 b4 11. O-O Be7 12. h3 O-O 13. e4 b5 14. Ne5 Bb7 15.
Nxc6 Bxc6 16. e5 Nd7 17. cxb4 Bxb4 18. a3 Be7 19. Nf3 Ra6 20. Bg5 Bxg5 21. Nxg5
h6 22. Nf3 Rfa8 23. Rfe1 b4 24. Re3 Ba4 25. Ne1 Bxc2 26. Nxc2 Rb6 27. Rd1 bxa3
28. bxa3 Rb3 29. Kf1 Nb6 30. Ke1 Na4 31. Ra1 Nc3 32. f3 Ra4 33. Kd2 Nb5 34.
Rxb3 cxb3 35. Rb1 Nxa3 36. Nxa3 Rxa3 37. Rb2 Ra4 38. Kc3 Rc4+ 39. Kd3 g5 40.
Rxb3 h5 41. g3 Ra4 42. f4 gxf4 43. gxf4 Ra2 44. Rb1 Rg2 45. h4 Kg7 46. Ke3 Rg4
47. Rh1 Kg6 48. Kf3 Kf5 49. Rh2 Rxf4+ 50. Ke3 Re4+ 51. Kd3 Kg4 52. Rg2+ Kxh4
53. Rf2 Kg3 54. Rxf7 h4 0-1

[Event "Madrid ch Veteranos 2122"]
[Site "Madrid ESP"]
[Date "2022.03.28"]
[Round "1.17"]
[White "Garcia Martin, Esteban"]
[Black "Pareja Vicente, Antonio"]
[Result "1-0"]
[WhiteElo "1895"]
[BlackElo "1604"]
[PlyCount "55"]
[EventDate "2022.03.28"]
[EventType "swiss"]
[EventRounds "9"]
[EventCountry "ESP"]
[SourceTitle "Ajedrez en Madrid"]
[Source "lmi"]
[SourceDate "2022.03.28"]
[SourceVersion "1"]
[SourceVersionDate "2022.04.18"]
[SourceQuality "1"]

1. c4 Nf6 2. Nc3 g6 3. g3 Bg7 4. Bg2 O-O 5. e4 e5 6. Nge2 d6 7. O-O Nbd7 8. d3
a5 9. h3 Nc5 10. Be3 c6 11. d4 exd4 12. Nxd4 Re8 13. Qc2 Ne6 14. Rad1 Qc7 15.
Kh2 h6 16. f4 Nxd4 17. Bxd4 Be6 18. b3 Rad8 19. f5 gxf5 20. exf5 Bd7 21. Qf2
Qb8 22. Qf4 Kh7 23. Qh4 Ng8 24. Bxg7 Kxg7 25. f6+ Kf8 26. Be4 Re5 27. Bh7 Rg5
28. Ne4 1-0

[Event "Madrid ch Veteranos 2122"]
[Site "Madrid ESP"]
[Date "2022.03.28"]
[Round "1.18"]
[White "Martinez Miura, Enrique"]
[Black "Toledo Aguirre, Gonzalo"]
[Result "1/2-1/2"]
[WhiteElo "1601"]
[BlackElo "1879"]
[PlyCount "77"]
[EventDate "2022.03.28"]
[EventType "swiss"]
[EventRounds "9"]
[EventCountry "ESP"]
[SourceTitle "Ajedrez en Madrid"]
[Source "lmi"]
[SourceDate "2022.03.28"]
[SourceVersion "1"]
[SourceVersionDate "2022.04.18"]
[SourceQuality "1"]

1. e4 e6 2. d4 d5 3. Nc3 Bb4 4. e5 c5 5. Be3 cxd4 6. Bxd4 Nc6 7. Bb5 Nh6 8. a3
Be7 9. Nf3 O-O 10. O-O Nf5 11. Ne2 Bd7 12. Bd3 Nfxd4 13. Nexd4 f6 14. Re1 Nxd4
15. Nxd4 f5 16. c3 Bc5 17. Qf3 Qh4 18. g3 Qh6 19. h4 f4 20. Nf5 Bxf2+ 21. Qxf2
exf5 22. Qxf4 Qb6+ 23. Qf2 Qxf2+ 24. Kxf2 Rfe8 25. Re2 Re7 26. Rae1 Rae8 27.
Bc2 Bb5 28. Re3 g6 29. Bb3 Bc4 30. Bxc4 dxc4 31. Kf3 Rd8 32. Kf4 Rd5 33. h5 Kg7
34. hxg6 hxg6 35. R1e2 Re6 36. g4 fxg4 37. Kxg4 Kh6 38. Rh2+ Kg7 39. Rhe2
1/2-1/2

[Event "Madrid ch Veteranos 2122"]
[Site "Madrid ESP"]
[Date "2022.03.28"]
[Round "1.19"]
[White "Esteban Amo, Jose M."]
[Black "Villodre Miranda, Juan Alonso"]
[Result "1-0"]
[WhiteElo "1874"]
[BlackElo "1563"]
[PlyCount "25"]
[EventDate "2022.03.28"]
[EventType "swiss"]
[EventRounds "9"]
[EventCountry "ESP"]
[SourceTitle "Ajedrez en Madrid"]
[Source "lmi"]
[SourceDate "2022.03.28"]
[SourceVersion "1"]
[SourceVersionDate "2022.04.18"]
[SourceQuality "1"]

1. d4 d5 2. Nf3 c6 3. Bg5 h6 4. Bh4 Nf6 5. e3 Nbd7 6. h3 e6 7. Ne5 Be7 8. Nd2
Nxe5 9. dxe5 Nd7 10. Bxe7 Qxe7 11. Qg4 g6 12. Nf3 Qb4+ 13. Qxb4 1-0

[Event "Madrid ch Veteranos 2122"]
[Site "Madrid ESP"]
[Date "2022.03.28"]
[Round "1.20"]
[White "Ramos Antona, Enrique"]
[Black "De Paz Nistal, Santiago"]
[Result "0-1"]
[WhiteElo "1512"]
[BlackElo "1873"]
[PlyCount "90"]
[EventDate "2022.03.28"]
[EventType "swiss"]
[EventRounds "9"]
[EventCountry "ESP"]
[SourceTitle "Ajedrez en Madrid"]
[Source "lmi"]
[SourceDate "2022.03.28"]
[SourceVersion "1"]
[SourceVersionDate "2022.04.18"]
[SourceQuality "1"]

1. d4 Nf6 2. c4 e6 3. Nc3 Bb4 4. e3 c5 5. Nf3 O-O 6. Bd3 Nc6 7. O-O cxd4 8.
exd4 d5 9. Bg5 Be7 10. Re1 dxc4 11. Bxc4 a6 12. a3 b5 13. Bd3 Bb7 14. b4 Kh8
15. Rc1 Nxd4 16. Nxd4 Qxd4 17. h3 Rac8 18. Be3 Qd7 19. Qe2 Nd5 20. Nxd5 Qxd5
21. Qf1 Qb3 22. Rxc8 Rxc8 23. Bc1 Rd8 24. Re3 Bg5 25. f4 Bf6 26. Kh2 Bd4 27.
Rg3 Qd5 28. Be2 f6 29. Rd3 Qd7 30. Bb2 e5 31. fxe5 fxe5 32. Bg4 Qe7 33. Bxd4
Rxd4 34. Rc3 Rd8 35. Qc1 Bd5 36. Rc7 Qd6 37. g3 Bc4 38. Rc8 Rxc8 39. Bxc8 Qf8
40. Qe3 Qxc8 41. Qxe5 h6 42. g4 Qd7 43. g5 Qd2+ 44. Kg3 Qxg5+ 45. Kf2 Qxe5 0-1

[Event "Madrid ch Veteranos 2122"]
[Site "Madrid ESP"]
[Date "2022.03.28"]
[Round "1.21"]
[White "Lopez Molina, Santiago Jorge"]
[Black "Argelina Diaz, Juan Angel"]
[Result "1-0"]
[WhiteElo "1868"]
[BlackElo "1455"]
[PlyCount "39"]
[EventDate "2022.03.28"]
[EventType "swiss"]
[EventRounds "9"]
[EventCountry "ESP"]
[SourceTitle "Ajedrez en Madrid"]
[Source "lmi"]
[SourceDate "2022.03.28"]
[SourceVersion "1"]
[SourceVersionDate "2022.04.18"]
[SourceQuality "1"]

1. e4 e5 2. Nf3 Qf6 3. d4 exd4 4. e5 Qg6 5. g3 Nc6 6. Bd3 Qe6 7. O-O h6 8. Nbd2
g5 9. Nb3 Kd8 10. Re1 Bg7 11. Nfxd4 Nxd4 12. Nxd4 Qd5 13. Be4 Qxe5 14. c3 Qd6
15. Qf3 Bxd4 16. cxd4 Qf6 17. Qb3 c6 18. d5 Ne7 19. Bd2 Re8 20. Ba5+ 1-0

[Event "Madrid ch Veteranos 2122"]
[Site "Madrid ESP"]
[Date "2022.03.28"]
[Round "1.22"]
[White "Menendez Domens, Juan Manuel"]
[Black "Garcia Galeote, Lorenzo"]
[Result "0-1"]
[WhiteElo "1449"]
[BlackElo "1862"]
[PlyCount "90"]
[EventDate "2022.03.28"]
[EventType "swiss"]
[EventRounds "9"]
[EventCountry "ESP"]
[SourceTitle "Ajedrez en Madrid"]
[Source "lmi"]
[SourceDate "2022.03.28"]
[SourceVersion "1"]
[SourceVersionDate "2022.04.18"]
[SourceQuality "1"]

1. d4 d5 2. Nf3 Nf6 3. e3 Bf5 4. Nbd2 e6 5. Be2 c5 6. c3 Nc6 7. Nh4 Bg6 8. Nxg6
hxg6 9. Bd3 e5 10. dxe5 Nxe5 11. Bb5+ Nc6 12. O-O Qc7 13. Nf3 Bd6 14. g3 a6 15.
Qa4 O-O-O 16. Bxc6 bxc6 17. Qxa6+ Kd7 18. Ng5 Ne4 19. Nxf7 Nxg3 20. Nxd8 Nxf1
21. Qxc6+ Qxc6 22. Nxc6 Nxh2 23. Na5 Nf3+ 24. Kg2 Ne1+ 25. Kf1 Nd3 26. f4 Nxc1
27. Kg2 Nd3 28. Rd1 c4 29. b3 Ra8 30. bxc4 Nxf4+ 31. exf4 Rxa5 32. Rxd5 Rxd5
33. cxd5 Bxf4 34. Kf3 Bd2 35. c4 Kd6 36. Ke2 Ba5 37. Kd3 Kc5 38. a4 Bc7 39. Ke4
Kxc4 40. Kf3 Kxd5 41. Kg4 Bd8 42. a5 Bxa5 43. Kg5 Bc3 44. Kxg6 Ke6 45. Kg5 Kf7
0-1

[Event "Madrid ch Veteranos 2122"]
[Site "Madrid ESP"]
[Date "2022.03.28"]
[Round "1.23"]
[White "Fiz Criado, Fidel"]
[Black "Jimenez Ascarza, Jose Ignacio"]
[Result "1-0"]
[WhiteElo "1861"]
[BlackElo "1445"]
[PlyCount "73"]
[EventDate "2022.03.28"]
[EventType "swiss"]
[EventRounds "9"]
[EventCountry "ESP"]
[SourceTitle "Ajedrez en Madrid"]
[Source "lmi"]
[SourceDate "2022.03.28"]
[SourceVersion "1"]
[SourceVersionDate "2022.04.18"]
[SourceQuality "1"]

1. e4 c5 2. d4 cxd4 3. c3 dxc3 4. Nxc3 Nc6 5. Nf3 d6 6. Bc4 e6 7. O-O h6 8. Qe2
Nge7 9. Rd1 Ng6 10. a3 Be7 11. Be3 O-O 12. Rac1 a6 13. b4 b5 14. Ba2 Bb7 15. g3
Rc8 16. h4 Nge5 17. Nxe5 Nxe5 18. Bf4 Bf6 19. Bd2 Bxh4 20. f4 Bxg3 21. fxe5
Bxe5 22. Qg4 Qb6+ 23. Kf1 Kh7 24. Bb1 f5 25. exf5 Rf6 26. Ke2 Rcf8 27. Be3 Qd8
28. Rg1 Qe7 29. fxe6+ Kh8 30. Ne4 Rxe6 31. Bb6 Bb2 32. Rc7 Qf6 33. Rxb7 d5 34.
Rxg7 dxe4 35. Rg8+ Kh7 36. Bxe4+ Rxe4+ 37. Qxe4+ 1-0